000 00515nam a2200157 i 4500
001 62579
003 ES-MaACL
005 20230906164708.0
007 t|
008 031124s1967 sp ||||1| spa d
100 1 _aFernández García, José.
_949810
245 1 0 _aMomentos históricos
_b: (interesante relato de una época) : ¡a la juventud y al pensamiento! /
_cJosé Fernández García.
260 _aValencia :
_b[s.n.],
_c1967.
300 _a218 p., 6 lám. ;
_c22 cm.
852 _aES-MaACL
_jC-31571
_bR.62067
999 _c62579
_d62579